000
00300nam a2200109Ia 4500
008
171211s9999 xx 000 0 und d
245
_a
Absolute Music: The History of an Idea
245
_c
Mark Evan Bonds
260
_c
2014
650
_x
music
856
_u
http://down.ebook777.com/061/0199343632.pdf
999
_c
348663
_d
348663